[Event "Bundesliga 1920"]
[Site "Germany"]
[Date "2021.10.16"]
[Round "14.2"]
[White "Amin, Bassem"]
[Black "Areshchenko, Alexander"]
[Result "1/2-1/2"]
[WhiteElo "2685"]
[BlackElo "2675"]
[PlyCount "138"]
[EventDate "2019.11.23"]
[EventType "team-tourn"]
[EventRounds "15"]
[EventCountry "GER"]
[SourceTitle "EXT 2022"]
[Source "ChessBase"]
[SourceDate "2021.10.06"]
[SourceVersion "1"]
[SourceVersionDate "2021.10.06"]
[SourceQuality "1"]
[WhiteTeam "Viernheim"]
[BlackTeam "Werder Bremen"]
[WhiteTeamCountry "GER"]
[BlackTeamCountry "GER"]

1. Nf3 c5 2. g3 g6 3. Bg2 Bg7 4. 0-0 Nc6 5. d3 Nf6 6. e4 d6 7. Re1 e5 8. a4 0-0 9. h3 h6 10. c3 Re8 11. Na3 b6 12. Bd2 d5 13. b4 dxe4 14. dxe4 cxb4 15. cxb4 Bb7 16. Nc4 Rc8 17. Rc1 a6 18. b5 axb5 19. axb5 Nd4 20. Nfxe5 Nh7 21. Be3 Bxe5 22. Nxe5 Rxc1 23. Bxc1 Rxe5 24. Bb2 Rxb5 25. Bxd4 Ng5 26. Qa4 Bc6 27. Qc4 Qa8 28. Rc1 Bd7 29. Kh2 Ne6 30. Be3 h5 31. Qd3 Be8 32. Qd6 Qb7 33. e5 Qd7 34. Qb8 Kh7 35. Rc8 Ng7 36. Bc6 Qxc6 37. Rxc6 Bxc6 38. Qc7 Bd5 39. Qd7 Ra5 40. Bxb6 Be6 41. Qxe6 Nxe6 42. Bxa5 g5 43. g4 hxg4 44. hxg4 Kg6 45. Bc3 Nf4 46. Ba1 Ne6 47. Kg3 Nf4 48. Kf3 Ne6 49. Ke4 Nc5+ 50. Ke3 Ne6 51. Bd4 Nf4 52. Ke4 Ne6 53. Be3 Nc7 54. Bb6 Ne6 55. Bd4 Nc7 56. Be3 Ne6 57. Kd5 Nc7+ 58. Kc6 Ne6 59. Kd6 Kg7 60. Kd7 Kg6 61. Ke7 Kg7 62. f3 Kg6 63. Bxg5 Nxg5 64. f4 Nf3 65. Kf8 Nd4 66. Kg8 f5 67. exf6 Kxf6 68. f5 Nxf5 69. gxf5 Kxf5 1/2-1/2

[Event "Bundesliga 1920"]
[Site "Germany"]
[Date "2021.10.14"]
[Round "9.1"]
[White "Areshchenko, Alexander"]
[Black "Huschenbeth, Niclas"]
[Result "0-1"]
[WhiteElo "2675"]
[BlackElo "2628"]
[PlyCount "112"]
[EventDate "2019.11.23"]
[EventType "team-tourn"]
[EventRounds "15"]
[EventCountry "GER"]
[SourceTitle "EXT 2022"]
[Source "ChessBase"]
[SourceDate "2021.10.06"]
[SourceVersion "1"]
[SourceVersionDate "2021.10.06"]
[SourceQuality "1"]
[WhiteTeam "Werder Bremen"]
[BlackTeam "Bayern Muenchen"]
[WhiteTeamCountry "GER"]
[BlackTeamCountry "GER"]

1. e4 c5 2. Nf3 d6 3. d4 cxd4 4. Nxd4 Nf6 5. Nc3 a6 6. h3 e5 7. Nb3 Be7 8. Be3 h6 9. g3 Be6 10. Bg2 Nbd7 11. 0-0 Rc8 12. a4 Nb6 13. Nd2 0-0 14. a5 Nbd7 15. f4 Nc5 16. Kh1 d5 17. Bxc5 Bxc5 18. fxe5 d4 19. Na4 Nd7 20. Nxc5 Rxc5 21. Nf3 Rxa5 22. Qxd4 Rxa1 23. Rxa1 Qc8 24. c3 Nc5 25. Rd1 Bxh3 26. b4 Bxg2+ 27. Kxg2 Ne6 28. Qe3 Qc7 29. Rd5 Rc8 30. Nd4 Qxc3 31. Qxc3 Rxc3 32. Nxe6 fxe6 33. Rd8+ Kh7 34. Rd7 Rc4 35. Rxb7 Rxe4 36. Rb6 Rxe5 37. Rxa6 Kg6 38. Kf3 Kf6 39. Rb6 h5 40. Rb8 Re1 41. b5 Rb1 42. b6 Kg5 43. b7 Rb3+ 44. Ke4 Kg4 45. Ke5 Kxg3 46. Kd6 h4 47. Kc6 g5 48. Rg8 g4 49. b8Q+ Rxb8 50. Rxb8 h3 51. Kd6 h2 52. Rh8 Kg2 53. Ke5 g3 54. Kf4 e5+ 55. Kg4 Kf2 56. Rh3 e4 0-1

[Event "POL-chT Ekstraliga"]
[Site "Legnica"]
[Date "2021.10.03"]
[Round "2.5"]
[White "Grandelius, Nils"]
[Black "Areshchenko, Alexander"]
[Result "1/2-1/2"]
[WhiteElo "2662"]
[BlackElo "2690"]
[PlyCount "119"]
[EventDate "2021.10.02"]
[EventType "team-tourn"]
[EventRounds "9"]
[EventCountry "POL"]
[SourceTitle "CBM 204 Extra"]
[Source "ChessBase"]
[SourceDate "2021.11.30"]
[SourceVersion "1"]
[SourceVersionDate "2021.11.30"]
[SourceQuality "1"]
[WhiteTeam "Wroclaw Polonia"]
[BlackTeam "Katowice Wasko"]
[WhiteTeamCountry "POL"]
[BlackTeamCountry "POL"]

1. e4 c5 2. Nf3 d6 3. Bb5+ Bd7 4. Bxd7+ Nxd7 5. 0-0 Ngf6 6. Qe2 Rc8 7. c3 e6 8. d4 cxd4 9. cxd4 Be7 10. Nc3 Nb6 11. Qd3 0-0 12. b3 Qc7 13. Bd2 a6 14. Rac1 Qd7 15. h3 h6 16. d5 exd5 17. exd5 Rfe8 18. Rfe1 Bf8 19. Qd4 Rxe1+ 20. Rxe1 Qc7 21. Ne4 Nbxd5 22. Nxf6+ Nxf6 23. Bxh6 Qc3 24. Bd2 Qxd4 25. Nxd4 g6 26. Rc1 Rc5 27. Ne2 Nd5 28. Kf1 Bg7 29. Nf4 Rxc1+ 30. Bxc1 Nc3 31. a3 Bh6 32. Bb2 Nd1 33. Bc1 Nc3 34. Be3 Kh7 35. a4 b5 36. axb5 axb5 37. Ke1 f5 38. f3 g5 39. Ne6 g4 40. Bxh6 Kxh6 41. Kd2 gxh3 42. gxh3 b4 43. Kd3 Kh5 44. Nd4 f4 45. Kc4 Na2 46. Ne6 Kh4 47. Nxf4 Kg3 48. Ne2+ Kxf3 49. Kd3 d5 50. h4 Kg4 51. Kc2 d4 52. Nxd4 Nc3 53. Nc6 Kxh4 54. Nxb4 Nb5 55. Kd3 Kg5 56. Kc4 Na3+ 57. Kc5 Kf5 58. Nd5 Nc2 59. b4 Nxb4 60. Kxb4 1/2-1/2

[Event "Kiev-Lvov Region Blitz"]
[Site "Kiev"]
[Date "2021.09.15"]
[Round "4"]
[White "Areshchenko, Alexander"]
[Black "Shevchenko, Kirill"]
[Result "0-1"]
[WhiteElo "2690"]
[BlackElo "2633"]
[PlyCount "128"]
[EventDate "2021.09.15"]
[EventType "team-match (blitz)"]
[EventRounds "8"]
[EventCountry "UKR"]
[SourceTitle "CBM 204 Extra"]
[Source "ChessBase"]
[SourceDate "2021.11.30"]
[SourceVersion "1"]
[SourceVersionDate "2021.11.30"]
[SourceQuality "1"]
[WhiteTeam "Lvov Region"]
[BlackTeam "Kiev Region"]
[WhiteTeamCountry "UKR"]
[BlackTeamCountry "UKR"]

1. e4 c5 2. Nf3 d6 3. d4 cxd4 4. Nxd4 Nf6 5. Nc3 a6 6. Be2 e5 7. Nb3 Be7 8. 0-0 0-0 9. Be3 Be6 10. Bf3 Nbd7 11. a4 Qc7 12. a5 Rfc8 13. h3 Nf8 14. Bg5 N8d7 15. Be3 h6 16. Qd2 Nf8 17. Rfc1 Ng6 18. Na4 Nh4 19. Qd1 Nxf3+ 20. Qxf3 d5 21. Nb6 d4 22. Bd2 Qc6 23. Qg3 Qxe4 24. Nxa8 Rxa8 25. Re1 Qxc2 26. Bxh6 Nh5 27. Qxe5 Qg6 28. Nxd4 Bf6 29. Qe4 Qxe4 30. Rxe4 Bxd4 31. Rxd4 gxh6 32. Rc1 Nf6 33. Rc3 Kf8 34. Rh4 h5 35. Rd4 Re8 36. Rc7 Bd5 37. Rf4 Re6 38. Rc5 Be4 39. Kh2 Kg7 40. Rg5+ Bg6 41. Rc5 Re7 42. b4 Ne4 43. Rc8 Nd2 44. Rc1 Re2 45. Kg1 Ne4 46. Rc7 Re1+ 47. Kh2 Nd2 48. Rxb7 Nf1+ 49. Kg1 Nd2+ 50. Kh2 Rb1 51. h4 Nf1+ 52. Kh3 Nd2 53. Kh2 Nf1+ 54. Kh3 Rb3+ 55. g3 Nd2 56. Kh2 Nf3+ 57. Kg2 Ne5 58. Rb6 Bd3 59. Rd6 Be2 60. Rd2 Bf3+ 61. Kh2 Rb1 62. g4 Rh1+ 63. Kg3 Rg1+ 64. Kh2 Rg2+ 0-1

[Event "Kiev-Lvov Region Blitz"]
[Site "Kiev"]
[Date "2021.09.15"]
[Round "5"]
[White "Areshchenko, Alexander"]
[Black "Zubov, Alexander"]
[Result "1-0"]
[WhiteElo "2690"]
[BlackElo "2598"]
[PlyCount "115"]
[EventDate "2021.09.15"]
[EventType "team-match (blitz)"]
[EventRounds "8"]
[EventCountry "UKR"]
[SourceTitle "CBM 204 Extra"]
[Source "ChessBase"]
[SourceDate "2021.11.30"]
[SourceVersion "1"]
[SourceVersionDate "2021.11.30"]
[SourceQuality "1"]
[WhiteTeam "Lvov Region"]
[BlackTeam "Kiev Region"]
[WhiteTeamCountry "UKR"]
[BlackTeamCountry "UKR"]

1. e4 c5 2. Nf3 e6 3. d4 cxd4 4. Nxd4 a6 5. Nc3 d6 6. Be2 Nf6 7. Be3 Be7 8. f4 Nc6 9. Qd2 Bd7 10. g4 Nxd4 11. Qxd4 0-0 12. g5 e5 13. Qd3 Ng4 14. Bxg4 Bxg4 15. f5 Bxg5 16. Rg1 Bxe3 17. Qxe3 Qh4+ 18. Kd2 d5 19. Nxd5 Rad8 20. c4 b5 21. Kc3 bxc4 22. Qg3 Qxg3+ 23. Rxg3 Be2 24. Re1 Bd3 25. b3 Rc8 26. Ne7+ Kh8 27. Nxc8 Rxc8 28. b4 g6 29. f6 Rc6 30. Rf3 h5 31. h4 Kg8 32. a4 Rb6 33. Rf2 Kf8 34. Re3 Ke8 35. Rg3 Re6 36. b5 axb5 37. axb5 Bxe4 38. Kxc4 Bf5 39. Kc5 Rxf6 40. b6 Kd7 41. Rd2+ Kc8 42. Re3 e4 43. Ra2 Re6 44. Ra8+ Kb7 45. Ra7+ Kb8 46. Rxf7 Re5+ 47. Kb4 Re6 48. Ka5 Re5+ 49. Ka4 Be6 50. Rg7 Bf5 51. Rc3 e3 52. Rcc7 Re8 53. Rb7+ Ka8 54. Rbe7 Bd7+ 55. Rxd7 e2 56. Ra7+ Kb8 57. Rgb7+ Kc8 58. Ra8+ 1-0

[Event "Kiev-Lvov Region Blitz"]
[Site "Kiev"]
[Date "2021.09.15"]
[Round "8"]
[White "Zubov, Alexander"]
[Black "Areshchenko, Alexander"]
[Result "0-1"]
[WhiteElo "2598"]
[BlackElo "2690"]
[PlyCount "164"]
[EventDate "2021.09.15"]
[EventType "team-match (blitz)"]
[EventRounds "8"]
[EventCountry "UKR"]
[SourceTitle "CBM 204 Extra"]
[Source "ChessBase"]
[SourceDate "2021.11.30"]
[SourceVersion "1"]
[SourceVersionDate "2021.11.30"]
[SourceQuality "1"]
[WhiteTeam "Kiev Region"]
[BlackTeam "Lvov Region"]
[WhiteTeamCountry "UKR"]
[BlackTeamCountry "UKR"]

1. d4 Nf6 2. c4 g6 3. Nc3 d5 4. Nf3 Bg7 5. Bg5 Ne4 6. Bf4 Nxc3 7. bxc3 dxc4 8. Qa4+ c6 9. Qxc4 0-0 10. e3 Nd7 11. Be2 Nb6 12. Qc5 Nd5 13. Bg3 Qb6 14. Qa3 c5 15. 0-0 cxd4 16. cxd4 Bf5 17. Bd3 Bxd3 18. Qxd3 Rac8 19. Rfb1 Qc6 20. h4 b6 21. Rb3 Rfd8 22. Qa6 Qd7 23. a4 Rc2 24. Qb5 Qf5 25. Re1 Nc3 26. Qxf5 gxf5 27. Ra1 Ne2+ 28. Kh2 f4 29. exf4 Nxd4 30. Nxd4 Rxd4 31. a5 Rd8 32. Ra4 Rc6 33. axb6 axb6 34. Ra7 Kf8 35. Re3 Bf6 36. Kh3 Rcd6 37. Kg4 Rd5 38. Rb7 h5+ 39. Kf3 Rb5 40. Ra3 Ke8 41. Re3 Rb2 42. Ke4 Rb4+ 43. Kf3 Rb2 44. Ke4 Rd4+ 45. Kf3 Rd7 46. Rb8+ Rd8 47. Rb7 Rb5 48. Ke4 Bd4 49. Rd3 f5+ 50. Kf3 Bc5 51. Rxd8+ Kxd8 52. Rb8+ Kd7 53. Rh8 Rb3+ 54. Ke2 Rb2+ 55. Kf3 b5 56. Rxh5 Ke6 57. Rh6+ Kf7 58. Rc6 Bd4 59. h5 b4 60. Bh4 b3 61. Rc7 Rc2 62. Rxe7+ Kg8 63. Re8+ Kh7 64. Re7+ Kh6 65. Re6+ Kxh5 66. Bg5 Bg7 67. Rb6 b2 68. Rb7 Rc1 69. Rxg7 b1Q 70. Kg3 Rc3+ 71. f3 Qe1+ 72. Kh3 Qh1+ 73. Kg3 Qe1+ 74. Kh3 Rd3 75. Rg8 Qh1+ 76. Kg3 Qe1+ 77. Kh3 Re3 78. Rg7 Qh1+ 79. Kg3 Qe1+ 80. Kh3 Qf1 81. Kh2 Re2 82. Bf6 Qxf3 0-1

[Event "FIDE World Cup"]
[Site "Krasnaya Polyana"]
[Date "2021.07.19"]
[Round "3.2"]
[White "Areshchenko, Alexander"]
[Black "Shankland, Samuel L"]
[Result "1/2-1/2"]
[WhiteElo "2687"]
[BlackElo "2709"]
[PlyCount "146"]
[EventDate "2021.07.12"]
[EventType "k.o."]
[EventRounds "8"]
[EventCountry "RUS"]
[SourceTitle "CBM 203"]
[Source "ChessBase"]
[SourceDate "2021.08.31"]
[SourceVersion "1"]
[SourceVersionDate "2021.08.31"]
[SourceQuality "1"]

1. e4 c5 2. Nf3 e6 3. d4 cxd4 4. Nxd4 Nf6 5. Nc3 Nc6 6. Ndb5 Bb4 7. a3 Bxc3+ 8. Nxc3 d5 9. exd5 exd5 10. Bd3 0-0 11. 0-0 Bg4 12. Ne2 Re8 13. f3 Bh5 14. Nf4 Bg6 15. Nxg6 Qb6+ 16. Kh1 hxg6 17. b3 Ne5 18. Be2 Rac8 19. a4 Qc5 20. Bb5 Red8 21. Ba3 Qc7 22. Re1 d4 23. Bf1 Rd5 24. Rc1 Qd7 25. Qd2 Qf5 26. Bb2 g5 27. Bxd4 Rcd8 28. c3 Nc6 29. Bd3 Qd7 30. Bc4 Nxd4 31. cxd4 Rf5 32. Rcd1 g6 33. d5 Qd6 34. Qe2 Re8 35. Qd3 Rfe5 36. Rxe5 Rxe5 37. g3 a6 38. a5 g4 39. f4 Re4 40. Kg2 Kf8 41. Qc3 Kg8 42. Qd2 Kf8 43. Kf1 Kg8 44. Kg2 Kf8 45. Rf1 Kg7 46. f5 Qe5 47. fxg6 fxg6 48. Rd1 Ne8 49. Bf1 Nd6 50. Kg1 Nf5 51. d6 Rd4 52. Qc3 Qxd6 53. Re1 Kh6 54. Bg2 b6 55. axb6 Qxb6 56. Kh1 Qd6 57. Qc1+ Kh5 58. Rf1 Rd2 59. Qc3 Rd1 60. Qc2 Rxf1+ 61. Bxf1 a5 62. Bd3 Ne3 63. Qe2 Qe5 64. Kg1 Qd4 65. h3 Kg5 66. hxg4 Nxg4+ 67. Kg2 Ne5 68. Be4 Kh6 69. Bb7 Kg7 70. Qf2 Qd3 71. Qe1 Qc2+ 72. Kh1 Qc5 73. Qd2 Qb6 1/2-1/2